=LDR 00000nam 2200000 4500 =001 INLIS000000000049317 =005 20170209081912.0 =006 =007 =008 =020 ##$$a 978-979-3703-63-3 =035 ##$$0010-021700000000109 =040 ##$$a NBPDMAT =082 ##$$a 912.959 843 =090 ##$$a 912.959 843 $bAch a =100 ##$$a Achmad Chaldun =245 ##$$a Atlas tematik provinsi Gorontalo $b: Administrasi, Sosial Budaya, Transportasi dan Perdagangan - Sumber daya Alam $c/ Achmad Chaldun; Achmad Rusdi =250 ##$$a Cet. 1 =260 ##$$a Surabaya $b Karya Pembina Swajaya $c 2007 =300 ##$$a 52 hlm. : $b ilus. ; $c 31 cm =500 ##$$a Indeks hlm : 51 =650 ##$$a Atlas Gorontalo =700 ##$$a Achmad Rusdi =850 ##$$a NBPDMAT =990 ##$$a 21606051 =990 ##$$a 21606052 =990 ##$$a 21606053 =990 ##$$a 21606054